| 000 | nam a22 a 4500 | ||
|---|---|---|---|
| 999 |
_c442801 _d442801 |
||
| 003 | BLK | ||
| 005 | 20221208031153.0 | ||
| 008 | 200316b bul|||||r ||||||| ||bul|| | ||
| 040 | _aBLK | ||
| 041 |
_aBUL _cBUL |
||
| 080 |
_aБотаника. Вж и 631/635, Ботанически резервати вж 502.7 _b58 _x(02) _z58(02) |
||
| 100 |
_aДочева-Попова, Ружа _eпърви автор _91299 |
||
| 139 | _aДочева-Попова, Ружа и др. | ||
| 245 | 1 | 0 |
_aРъководство за практически занятия по ботаника _cРужа Дочева-Попова; съавт. Илия Яков. |
| 257 | _aBGR | ||
| 260 |
_aСофия _bНар. просв. _c1956 _9216179 |
||
| 300 |
_a200 с., 3 л. _bцв. ил. : с ил. _c23 см |
||
| 380 | _a5 | ||
| 500 | _a2 000 тир. - Азбучен указател | ||
| 650 | 0 |
_aБотаника - енциклопедии и справочници _9287277 |
|
| 653 | 7 |
_aботаника _9182340 |
|
| 653 | 7 |
_aпрактически занятия _9194359 |
|
| 700 |
_aЯков, Илия Първанов _eсъавт. _91445 |
||
| 852 |
_aЦб 3787 _bО |
||
| 942 |
_cKNG _n0 _s1 |
||
| 944 |
_aCR _c2022-02-01 _kСТ |
||